000 00881nam a2200253 a 4500
001 000020847
005 20260414130834.0
008 100818s1977 mx 000 0 spa d
040 _aDO-SdBNP
_bspa
_cBNPHU
082 _a920
_bV328v, 1977
100 1 _aVasari, Giorgio,
_d1511-1574
_943701
245 1 0 _aDe los héroes :
_bVidas de los más excelentes pintores, escultores y arquitectos /
_cG. Vasari ; selección, traducción, estudio preliminar y notas por Julio E. Payró.
250 _a10a ed.
260 _aMéxico :
_bCumbre,
_c1977.
300 _axxxix, 1-349 p. ;
_c21 cm.
490 1 _aLos clásicos
650 0 _aBiografía
_94997
650 4 _aPintores
_xBiografías
_943702
650 4 _aEscultores
_xBiografías
_943703
650 4 _aArquitectos
_xBiografías
_943704
700 1 _aPayró, Julio E.,
_etr.
_910354
830 0 _aLos clásicos
_943697
049 _aBNGR
999 _c20350
_d20350